|
|
|
|
| LEADER |
00000nam a22000007a 4500 |
| 005 |
2022070605455.0 |
| 007 |
cr|||| |||| |
| 008 |
220706s2021 co |||||s|||| 00||0 spa d |
| 020 |
|
|
|a 978-958-53160-0-3
|
| 035 |
|
|
|a 36685
|
| 040 |
|
|
|a vLex
|
| 090 |
|
|
|c 13535
|d 13535
|
| 100 |
1 |
|
|a Velandia Canosa, Eduardo Andrš
|
| 245 |
1 |
0 |
|a Derecho procesal constitucional
|h [Recurso electrn̤ico] :
|b Derechos econm̤icos, sociales, culturales y ambientales en la pandemia y pospandemia /
|c Eduardo Andrš Velandia Canosa
|
| 256 |
|
|
|a Servicio en ln̕ea
|
| 260 |
|
|
|a Bogot:̀
|b Asociacin̤ Colombiana de Derecho Procesal Constitucional,
|c 2021
|
| 300 |
|
|
|a 1 recurso electrn̤ico
|
| 506 |
1 |
|
|a Disponible solo en los productos indicados
|d vLex Global
|d vLex Global (Academic Edition, excluding Law Schools)
|d vLex Global (U.S. Academic Edition, Law Schools)
|d vLex Global (U.S. Academic Edition, excluding Law Schools)
|d vLex Global (Academic Edition, Law Schools)
|
| 650 |
0 |
4 |
|a Derecho Procesal
|z Colombia
|
| 740 |
0 |
|
|a vLex Libros (Servicio en ln̕ea)
|
| 856 |
4 |
0 |
|u https://app.vlex.com/#/sources/36685
|z Acceso restringido
|
| 942 |
|
|
|c BOOK
|
| 999 |
0 |
|
|a Procedural law
|